[Event "Autumn Leaves Tourney"]
[Site "SchemingMind.com"]
[Date "2019.01.15"]
[Round "-"]
[White "krzysztof"]
[Black "ray winteringham"]
[Result "0-1"]
[WhiteCountry "POL"]
[BlackCountry "ENG"]
[WhiteElo "1574"]
[WhiteRD "62"]
[BlackElo "1523"]
[BlackRD "51"]
[GameID "437038"]

1. e4 g6 2. d4 Bg7 3. e5 e6 4. f4 d5 5. Bb5+ c6 6. Ba4 Ne7 7. Nf3 b5 8. Bb3 Bb7 9. Be3 a5 10. a3 a4
11. Ba2 Qc7 12. Ng5 Nd7 13. h4 Nf5 14. Qf3 c5 15. g4 Nxe3 16. Qxe3 c4 17. c3 Nb6 18. Nd2 O-O-O 19. h5 Rde8 20. hxg6 hxg6
21. Ke2 Bh6 22. Ngf3 Ref8 23. g5 Bg7 24. Rag1 Kd7 25. Rh4 Nc8 26. Nf1 Ne7 27. Ng3 Kc6 28. Qc1 Kb6 29. Nd2 Rxh4 30. b3 axb3
31. Bb1 Rfh8 32. Nf3 R4h7 33. Rh1 Rxh1 34. Nxh1 Qb8 35. Nf2 Nf5 36. Bxf5 gxf5 37. Qa1 Bc6 38. Qg1 Qa7 39. Qa1 Ra8 40. Nh4 Qxa3
41. Qxa3 Rxa3 42. Nd1 Ra2+ 43. Ke1 b2 44. Nxb2 Rxb2 45. Kd1 Ka5 46. g6 fxg6 47. Nxg6 Be8 48. Ne7 Rf2 49. Nxf5 Bh8 50. Nd6 Bh5+
51. Ke1 Rxf4 52. Nxc4+ bxc4 53. Kd2 Bg7 54. Ke3 Bh6 55. Kd2 Rxd4+ 56. Kc2 Bg6+ 57. Kb2 Re4 58. Ka3 Rxe5 59. Kb2 Re2+ 60. Ka3 Bc1#
0-1

[Event "Autumn Leaves Tourney"]
[Site "SchemingMind.com"]
[Date "2019.01.15"]
[Round "-"]
[White "ray winteringham"]
[Black "krzysztof"]
[Result "0-1"]
[WhiteCountry "ENG"]
[BlackCountry "POL"]
[WhiteElo "1523"]
[WhiteRD "51"]
[BlackElo "1574"]
[BlackRD "62"]
[GameID "437039"]

1. e4 e5 2. Nf3 Nc6 3. Nc3 Bb4 4. a3 Ba5 5. d3 d6 6. Bd2 Be6 7. h3 Bxc3 8. Bxc3 Nf6 9. Be2 O-O 10. Qd2 Nd4
11. Bxd4 exd4 12. Nxd4 d5 13. e5 Nd7 14. Nf3 f6 15. exf6 Nxf6 16. O-O c6 17. Qe1 h6 18. Ne5 Bf5 19. f4 Bh7 20. Qg3 Nd7
21. Nf3 Rf6 22. c3 Rg6 23. Qf2 Qc7 24. Ne5 Nxe5 25. fxe5 Qxe5 26. d4 Qe4 27. Qf7+ Kh8 28. Qf2 Rf6 29. Qe1 Qe3+ 30. Rf2 Re8
31. Kf1 Ref8 32. Bf3 Qxe1+ 33. Rxe1 Be4 34. Re3 Bxf3 35. Rfxf3 Rxf3+ 36. Rxf3 Rxf3+ 37. gxf3 g5 38. Kg2 Kg7 39. Kg3 Kf6 40. Kg4 Kg6
41. h4 gxh4 42. Kxh4 b6 43. b4 Kf5 44. Kg3 Kg5 45. a4 h5 46. f4+= Kf5 47. b5 cxb5 48. axb5 Ke4 49. Kh4 Kxf4 50. Kxh5 Ke3
51. Kg4 Kd3 52. Kf3 Kxc3 53. Ke2 Kxd4 54. Kd2 Kc4 55. Kc2 Kxb5
0-1

[Event "Autumn Leaves Tourney"]
[Site "SchemingMind.com"]
[Date "2019.01.13"]
[Round "-"]
[White "ray winteringham"]
[Black "James Reed"]
[Result "1-0"]
[WhiteCountry "ENG"]
[BlackCountry "ENG"]
[WhiteElo "1483"]
[WhiteRD "50"]
[BlackElo "1320"]
[BlackRD "86"]
[GameID "437040"]

1. e4 c5 2. Nf3 Nc6 3. Bc4 h6 4. O-O Nf6 5. d3 e6 6. Be3 Bd6 7. Nbd2 b6 8. h3 Bb7 9. Bb5 O-O 10. Bxc6 Bxc6
11. c4 Qc7 12. Qc1 Rfe8 13. b3 a6 14. Re1 a5 15. e5 Be7 16. exf6 Bxf6 17. Rb1 Red8 18. Nh2 Be5 19. Ng4 Bd6 20. Nf1 Be7
21. Bf4 Bd6 22. Bxd6 Qxd6 23. Ng3 b5 24. Nxh6+ Kf8 25. Ng4 f6 26. Nh5 Qe7 27. Qc2 b4 28. Qd2 e5 29. Re2 d6 30. Rbe1 f5
31. Nxe5 Qb7 32. Ng6+ Kf7 33. Re7+ Kxg6 34. Rxb7 Bxb7 35. h4 Kxh5 36. Qg5#
1-0

[Event "Autumn Leaves Tourney"]
[Site "SchemingMind.com"]
[Date "2019.01.13"]
[Round "-"]
[White "James Reed"]
[Black "ray winteringham"]
[Result "0-1"]
[WhiteCountry "ENG"]
[BlackCountry "ENG"]
[WhiteElo "1320"]
[WhiteRD "86"]
[BlackElo "1483"]
[BlackRD "50"]
[GameID "437041"]

1. e4 e5 2. Nf3 d6 3. d4 exd4 4. Qxd4 Nc6 5. Bb5 Bd7 6. Bxc6 Bxc6 7. O-O Nf6 8. Nc3 g6 9. Bg5 Bg7 10. Nd5 Bxd5
11. exd5 O-O 12. h3 h6 13. Bh4 g5 14. Bg3 b6 15. Rfe1 Nh7 16. Qb4 Nf6 17. Rad1 a5 18. Qd2 Nh5 19. c3 Nxg3 20. fxg3 Qd7
21. Rc1 h5 22. Nxg5 Bh6 23. h4 f6 24. Qe2 fxg5 25. Kh2 g4 26. Rcd1 Rae8 27. Qc2 Qg7 28. a3 Qh7 29. Qxh7+ Kxh7 30. b3 Bg7
31. c4 Bc3 32. Rf1 Bg7 33. Rxf8 Rxf8 34. Re1 Rf7 35. b4 axb4 36. axb4 Bc3 37. Rb1 Re7 38. b5 Re4 39. Rf1 Rxc4
0-1

[Event "Autumn Leaves Tourney"]
[Site "SchemingMind.com"]
[Date "2019.01.29"]
[Round "-"]
[White "Mitch The Man"]
[Black "NcErdem"]
[Result "1-0"]
[WhiteCountry "USA"]
[BlackCountry "TUR"]
[WhiteElo "1343"]
[WhiteRD "61"]
[BlackElo "1311"]
[BlackRD "95"]
[GameID "437714"]

1. e4 c5 2. c4 e5 3. Nf3 d6 4. h3 Nf6 5. Bd3 Be7 6. O-O O-O 7. Bc2 Be6 8. d3 Nc6 9. Bd2 a6 10. Ba4 Qc7
11. Ng5 Nd4 12. Nxe6 Nxe6 13. Na3 Nd4 14. Be3 Qb6 15. Bxd4 cxd4 16. Qd2 Rac8 17. Rfb1 Rfd8 18. b4 Qc7 19. b5 Qc5 20. Qb2 Nd7
21. bxa6 bxa6 22. Bxd7 Rxd7 23. Qc1 h6 24. Rb3
1-0

[Event "Autumn Leaves Tourney"]
[Site "SchemingMind.com"]
[Date "2019.01.29"]
[Round "-"]
[White "NcErdem"]
[Black "Mitch The Man"]
[Result "1-0"]
[WhiteCountry "TUR"]
[BlackCountry "USA"]
[WhiteElo "1311"]
[WhiteRD "95"]
[BlackElo "1343"]
[BlackRD "61"]
[GameID "437715"]

1. e4 e5 2. Nf3 Bd6 3. Nc3 c6 4. Bc4 Qf6 5. O-O Ne7 6. d3 O-O 7. Bg5 Qg6 8. Qd2 Kh8 9. Bxe7 Bxe7 10. Nxe5 Qf6
11. f4 d5 12. exd5 Bf5 13. g4 Bc8 14. g5 Qf5 15. Rae1 Bxg5 16. fxg5 Qh3 17. Nxf7+ Kg8 18. dxc6 Qg4+ 19. Qg2 Qxg2+ 20. Kxg2 b5
21. Nh6+
1-0

[Event "Autumn Leaves Tourney"]
[Site "SchemingMind.com"]
[Date "2019.01.28"]
[Round "-"]
[White "aliwood"]
[Black "NcErdem"]
[Result "1-0"]
[WhiteCountry "ENG"]
[BlackCountry "TUR"]
[WhiteElo "1393"]
[WhiteRD "59"]
[BlackElo "1311"]
[BlackRD "95"]
[GameID "437716"]

1. Nf3 d5 2. d4 Nc6 3. e3 Bf5 4. c4 e6 5. Nc3 Bb4 6. Bd2 Nf6 7. a3 Bxc3 8. Bxc3 O-O 9. Be2 h6 10. O-O a6
11. c5 b5 12. b4 Ne7 13. h3 c6 14. Ne5 Ne4 15. Bb2 a5 16. Bd3
1-0

[Event "Autumn Leaves Tourney"]
[Site "SchemingMind.com"]
[Date "2019.01.28"]
[Round "-"]
[White "NcErdem"]
[Black "aliwood"]
[Result "0-1"]
[WhiteCountry "TUR"]
[BlackCountry "ENG"]
[WhiteElo "1311"]
[WhiteRD "95"]
[BlackElo "1393"]
[BlackRD "59"]
[GameID "437717"]

1. e4 e5 2. Nf3 Nc6 3. Bc4 Nf6 4. d3 Be7 5. Nc3 O-O 6. O-O d6 7. Bg5 a6 8. a4 Bd7 9. Bxf6 Bxf6 10. h3 Nb4
11. Qd2 a5 12. Rfe1 b6 13. Nb5 Bxb5 14. Bxb5 c6 15. Bc4 d5
0-1

[Event "Autumn Leaves Tourney"]
[Site "SchemingMind.com"]
[Date "2019.01.28"]
[Round "-"]
[White "Black Knight"]
[Black "NcErdem"]
[Result "0-1"]
[WhiteCountry "USA"]
[BlackCountry "TUR"]
[WhiteElo "1309"]
[WhiteRD "52"]
[BlackElo "1470"]
[BlackRD "132"]
[GameID "437718"]

1. e4 c5 2. Nf3 Nc6 3. Bb5 Qb6 4. Nc3 e6 5. Bxc6 Qxc6 6. O-O Nf6 7. Re1 d6 8. d4 c4 9. e5 dxe5 10. Nxe5 Qb6
11. Nxc4 Qd8 12. Bg5 Be7 13. Bxf6 Bxf6 14. Ne4 O-O 15. Nxf6+ Qxf6 16. Ne5 b6 17. Re3 Bb7 18. Nd7 Qg6 19. Nxf8 Qxg2#
0-1

[Event "Autumn Leaves Tourney"]
[Site "SchemingMind.com"]
[Date "2019.01.30"]
[Round "-"]
[White "krzysztof"]
[Black "NcErdem"]
[Result "1-0"]
[WhiteCountry "POL"]
[BlackCountry "TUR"]
[WhiteElo "1592"]
[WhiteRD "67"]
[BlackElo "1302"]
[BlackRD "98"]
[GameID "437720"]

1. e4 c5 2. Bc4 Nc6 3. a3 e5 4. d3 Nf6 5. Bg5 Be7 6. Bxf6 Bxf6 7. c3 O-O 8. Nf3 a6 9. Ba2 b5 10. O-O Bb7
11. Nbd2 Ne7 12. d4 cxd4 13. cxd4 Ng6 14. dxe5
1-0

[Event "Autumn Leaves Tourney"]
[Site "SchemingMind.com"]
[Date "2019.01.30"]
[Round "-"]
[White "NcErdem"]
[Black "krzysztof"]
[Result "0-1"]
[WhiteCountry "TUR"]
[BlackCountry "POL"]
[WhiteElo "1311"]
[WhiteRD "95"]
[BlackElo "1574"]
[BlackRD "62"]
[GameID "437721"]

1. e4 e5 2. Nf3 Nc6 3. Nc3 Bb4 4. Nd5 d6 5. Bb5 Bd7 6. c3 Ba5 7. Qb3 a6 8. Be2 b5 9. O-O Be6 10. d3 Nf6
11. Ng5 Nxd5 12. exd5 Bxd5
0-1

[Event "Autumn Leaves Tourney"]
[Site "SchemingMind.com"]
[Date "2019.01.28"]
[Round "-"]
[White "ray winteringham"]
[Black "NcErdem"]
[Result "1-0"]
[WhiteCountry "ENG"]
[BlackCountry "TUR"]
[WhiteElo "1481"]
[WhiteRD "50"]
[BlackElo "1470"]
[BlackRD "132"]
[GameID "437722"]

1. e4 c5 2. Bc4 e6 3. d3 Nc6 4. c3 Nf6 5. Bg5 Be7 6. f4 Ng8 7. Nf3 Bxg5 8. Nxg5 h6 9. Qh5 g6 10. Qh3 Qf6
11. O-O b6 12. e5 Nxe5 13. Ne4 Qf5 14. Nd6+
1-0

[Event "Autumn Leaves Tourney"]
[Site "SchemingMind.com"]
[Date "2019.01.28"]
[Round "-"]
[White "NcErdem"]
[Black "ray winteringham"]
[Result "0-1"]
[WhiteCountry "TUR"]
[BlackCountry "ENG"]
[WhiteElo "1311"]
[WhiteRD "95"]
[BlackElo "1523"]
[BlackRD "51"]
[GameID "437723"]

1. e4 c5 2. Nf3 Nc6 3. d4 cxd4 4. Nxd4 Nxd4 5. Qxd4 Qc7 6. Bd3 e5 7. Qe3 Bc5 8. Qf3 d6 9. Nc3 Be6 10. Bb5+ Bd7
11. Nd5 Qd8 12. Bc4 Be6 13. O-O Ne7 14. Bg5 Bxd5 15. Bxd5 f6 16. Bd2 Nxd5 17. exd5 Qb6 18. b3 O-O-O 19. c4 Rhf8 20. Qf5+ Kb8
21. Qxh7 Rg8 22. Qe4 f5 23. Qe2 Bd4 24. Rac1 f4 25. Bc3 g5 26. Kh1 Rh8 27. f3 Rh7 28. h3 Rdh8 29. Bxd4 Qxd4 30. Rfd1 Qb6
31. Qf1= Qa5 32. Rc2 Rh6 33. Qe1 Qc5 34. b4 Qc8 35. c5 dxc5 36. bxc5 Rxh3+ 37. gxh3 Qxh3+ 38. Kg1 Qh1+
0-1

[Event "Autumn Leaves Tourney"]
[Site "SchemingMind.com"]
[Date "2019.01.28"]
[Round "-"]
[White "James Reed"]
[Black "NcErdem"]
[Result "0-1"]
[WhiteCountry "ENG"]
[BlackCountry "TUR"]
[WhiteElo "1271"]
[WhiteRD "87"]
[BlackElo "1311"]
[BlackRD "95"]
[GameID "437724"]

1. e4 c5 2. Nf3 Nc6 3. d4 cxd4 4. Nxd4 e5 5. Nxc6 bxc6 6. Bc4 Nf6 7. Nc3 Bb4 8. Bd2 Bxc3 9. bxc3 O-O 10. Qe2 d6
11. h3 Qb6 12. O-O h6 13. Rab1 Qc7 14. Rfe1 Bd7 15. Qe3 Rab8 16. Rxb8 Rxb8 17. Bc1 Qa5 18. a3 c5 19. Rd1 Qb6 20. f3 a5
21. Bd2 Qb2 22. Qd3 Qxa3 23. Qxd6 Qb2 24. Qxe5 Qxc2 25. Be2 Bb5 26. Bxb5 Qxd1+
0-1

[Event "Autumn Leaves Tourney"]
[Site "SchemingMind.com"]
[Date "2019.01.28"]
[Round "-"]
[White "NcErdem"]
[Black "James Reed"]
[Result "1-0"]
[WhiteCountry "TUR"]
[BlackCountry "ENG"]
[WhiteElo "1470"]
[WhiteRD "132"]
[BlackElo "1295"]
[BlackRD "88"]
[GameID "437725"]

1. e4 c5 2. Nf3 d6 3. d4 Nf6 4. dxc5 Nc6 5. Bb5 a6 6. Bxc6+ bxc6 7. O-O Nxe4 8. cxd6 Nxd6 9. Ne5 Bb7 10. Qf3 f6
11. Qh5+ g6 12. Nxg6 Rg8 13. Ne5+
1-0